Arsenal FC Squad 2018-2019 - Statistics

General Stats
  • This quiz has been taken 44 times
  • The average score is 19 of 28
Answer Stats
# Position Nation Player % Correct
1 GK Czech Republic Petr Čech
100%
34 MF Switzerland Granit Xhaka
95%
14 FW Gabon Pierre-Emerick Aubameyang
92%
8 MF Wales Aaron Ramsey
86%
10 MF Germany Mesut Özil
86%
9 FW France Alexandre Lacazette
81%
26 GK Argentina Emiliano Martínez
78%
7 MF Armenia Henrikh Mkhitaryan
78%
4 MF Egypt Mohamed Elneny
78%
20 DF Germany Shkodran Mustafi
78%
17 FW Nigeria Alex Iwobi
76%
19 GK Germany Bernd Leno
76%
6 DF France Laurent Koscielny
76%
18 DF Spain Nacho Monreal
76%
5 DF Greece Sokratis Papastathopoulos
76%
2 DF Spain Héctor Bellerín
73%
31 DF Bosnia and Herzegovina Sead Kolašinac
73%
- Coach Spain Unai Emery
73%
11 MF Uruguay Lucas Torreira
70%
29 MF France Mattéo Guendouzi
57%
16 DF England Rob Holding
57%
12 DF Switzerland Stephan Lichtsteiner
57%
27 DF Greece Konstantinos Mavropanos
51%
15 MF England Ainsley Maitland-Niles
46%
49 FW England Eddie Nketiah
46%
23 FW England Danny Welbeck
43%
22 MF Spain Denis Suárez
22%
25 DF England Carl Jenkinson
19%
No matching quizzes found
Score Distribution
Percent of People with Each Score
Percentile by Number Answered
Your Score History
You have not taken this quiz